Ten rhyparus from the western hemisphere, Coleoptera: Scarabaeidae: Aphodiinae
Kaydedildi:
| Asıl Yazarlar: | , |
|---|---|
| Materyal Türü: | Kitap |
| Dil: | İngilizce |
| Baskı/Yayın Bilgisi: |
Washington, D.C
Smithsonian Institution
1969
|
| Seri Bilgileri: | Smithsonian Contributions to Zoology, 21
|
| Konular: | |
| Etiketler: |
Etiketle
Etiket eklenmemiş, İlk siz ekleyin!
|
MARC
| LEADER | 00000nam a2200000 a 4500 | ||
|---|---|---|---|
| 001 | UCL7425 | ||
| 003 | CL-VaPUC | ||
| 008 | 040520e19690000US |||||||||||||||||eng|d | ||
| 082 | 0 | 4 | |a 595.764 |b CAR |2 21 |
| 100 | 0 | |a Cartwright, Oscar L |e author |9 485273 | |
| 700 | 0 | |a Wooddruff, Robert E |e author |9 485274 | |
| 245 | 1 | 0 | |a Ten rhyparus from the western hemisphere, Coleoptera: Scarabaeidae: Aphodiinae |
| 300 | |a 20 p | ||
| 942 | |c BK | ||
| 945 | |d 20040520 00:00:00 |a cmena | ||
| 260 | |a Washington, D.C |b Smithsonian Institution |c 1969 | ||
| 650 | 0 | |a Coleópteros |9 359563 | |
| 650 | 0 | |a Insectos |9 264174 | |
| 650 | 0 | |a Distribución geográfica |9 260005 | |
| 650 | 7 | |a ESPECIES |2 CL-VaPUC |9 331928 | |
| 583 | |a last modification |c 20040520 00:00:00 |k Rodrigo Vera | ||
| 490 | 0 | |a Smithsonian Contributions to Zoology, 21 | |
| 999 | |c 309170 |d 309168 | ||